MARC-detaljer
| 000 -LEADER |
| fixed length control field |
05612cam a2201153 a 4500 |
| 001 - CONTROL NUMBER |
| control field |
8349473 |
| 003 - CONTROL NUMBER IDENTIFIER |
| control field |
LIBRIS |
| 005 - DATE AND TIME OF LATEST TRANSACTION |
| control field |
20210412134317.0 |
| 008 - FIXED-LENGTH DATA ELEMENTS--GENERAL INFORMATION |
| fixed length control field |
020113s1998 sw ||||j||||||000 1|swe| |
| 020 ## - INTERNATIONAL STANDARD BOOK NUMBER |
| International Standard Book Number |
9129637856 |
| Qualifying information |
INB. |
| Terms of availability |
48:00 |
| 035 ## - SYSTEM CONTROL NUMBER |
| System control number |
(Bo)67491 |
| 035 ## - SYSTEM CONTROL NUMBER |
| System control number |
(Mo)b1301669 |
| 040 ## - CATALOGING SOURCE |
| Original cataloging agency |
NB |
| Description conventions |
a |
| 041 ## - LANGUAGE CODE |
| Language code of text/sound track or separate title |
swe |
| 082 04 - DEWEY DECIMAL CLASSIFICATION NUMBER |
| Classification number |
839.78 |
| Edition number |
22 (machine generated) |
| 084 ## - OTHER CLASSIFICATION NUMBER |
| Classification number |
Hc,u |
| Number source |
kssb/6 |
| 084 ## - OTHER CLASSIFICATION NUMBER |
| Classification number |
Hcf(yb) |
| Number source |
kssb/8 |
| 084 ## - OTHER CLASSIFICATION NUMBER |
| Classification number |
Hcf |
| Number source |
kssb/6 |
| 084 ## - OTHER CLASSIFICATION NUMBER |
| Classification number |
Hcf(yb) |
| Number source |
kssb/6 |
| 100 1# - MAIN ENTRY--PERSONAL NAME |
| Personal name |
Sandberg, Inger, |
| Dates associated with a name |
1930- |
| Authority record control number or standard number |
https://libris.kb.se/hftwxdc11gnwt1t#it |
| 245 10 - TITLE STATEMENT |
| Title |
Lilla spöket Laban får en lillasyster / |
| Statement of responsibility, etc. |
Inger & Lasse Sandberg. |
| 250 ## - EDITION STATEMENT |
| Edition statement |
2. uppl. |
| 264 #1 - PRODUCTION, PUBLICATION, DISTRIBUTION, MANUFACTURE, AND COPYRIGHT NOTICE |
| Place of production, publication, distribution, manufacture |
Stockholm : |
| Name of producer, publisher, distributor, manufacturer |
Rabén & Sjögren, |
| Date of production, publication, distribution, manufacture, or copyright notice |
1998 |
| 264 #3 - PRODUCTION, PUBLICATION, DISTRIBUTION, MANUFACTURE, AND COPYRIGHT NOTICE |
| Place of production, publication, distribution, manufacture |
Ungern |
| 300 ## - PHYSICAL DESCRIPTION |
| Extent |
[32] s. |
| Other physical details |
färgill. |
| Dimensions |
16 cm |
| 500 ## - GENERAL NOTE |
| General note |
Även med tryckår: 2. tr., 2000 ; 3. tr., 2001; 4. tr., 2003 ; 5. tr., 2004 ; 6. tr., 2006 ; 7. tr., 2008 |
| 500 ## - GENERAL NOTE |
| General note |
Originaluppl. 1977 |
| 500 ## - GENERAL NOTE |
| Institution to which field applies |
Bo |
| General note |
Annan upplaga kan finnas vid biblioteket |
| 500 ## - GENERAL NOTE |
| Institution to which field applies |
Mo |
| General note |
Originalupplaga 1977 |
| 500 ## - GENERAL NOTE |
| Institution to which field applies |
Mo |
| General note |
svenska |
| 500 ## - GENERAL NOTE |
| Institution to which field applies |
S |
| General note |
Tryckningar finns |
| 653 ## - INDEX TERM--UNCONTROLLED |
| Uncontrolled term |
Pekbok |
| 655 #4 - INDEX TERM--GENRE/FORM |
| Institution to which field applies |
Mo |
| Genre/form data or focus term |
Bilderbok |
| 700 1# - ADDED ENTRY--PERSONAL NAME |
| Personal name |
Sandberg, Lasse, |
| Dates associated with a name |
1924-2008. |
| 775 0# - OTHER EDITION ENTRY |
| International Standard Book Number |
91-29-47989-4 |
| Record control number |
9129479894 |
| 887 ## - NON-MARC INFORMATION FIELD |
| Content of non-MARC field |
{"@id":"fxqmq0xr3wt3x48","modified":"2019-06-12T16:57:27.91+02:00","checksum":"182418846129"} |
| Source of data |
librisxl |
| 887 ## - NON-MARC INFORMATION FIELD |
| Content of non-MARC field |
{"@id":"kpwkpfcq21clvkg","modified":"2014-08-25T12:05:06+02:00","checksum":"136430449120"} |
| Source of data |
librisxl |
| 887 ## - NON-MARC INFORMATION FIELD |
| Content of non-MARC field |
{"@id":"26d1jss73c8z8vt","modified":"2014-04-02T10:19:51+02:00","checksum":"126135787142"} |
| Source of data |
librisxl |
| 887 ## - NON-MARC INFORMATION FIELD |
| Content of non-MARC field |
{"@id":"37g8hfz83xhwlbw","modified":"2015-05-21T16:21:21+02:00","checksum":"132597128211"} |
| Source of data |
librisxl |
| 887 ## - NON-MARC INFORMATION FIELD |
| Content of non-MARC field |
{"@id":"9fm6nrlg0n130wz","modified":"2013-11-29T13:26:17+01:00","checksum":"141112613728"} |
| Source of data |
librisxl |
| 887 ## - NON-MARC INFORMATION FIELD |
| Content of non-MARC field |
{"@id":"fksl8ltl23wgb8r","modified":"2015-07-08T14:17:40+02:00","checksum":"137028365790"} |
| Source of data |
librisxl |
| 887 ## - NON-MARC INFORMATION FIELD |
| Content of non-MARC field |
{"@id":"9fl8zqbg0vd48nt","modified":"2017-02-15T10:21:45+01:00","checksum":"132380146141"} |
| Source of data |
librisxl |
| 887 ## - NON-MARC INFORMATION FIELD |
| Content of non-MARC field |
{"@id":"chnb1sdj4l6gh3r","modified":"2018-06-05T18:36:40.724+02:00","checksum":"143337661291"} |
| Source of data |
librisxl |
| 887 ## - NON-MARC INFORMATION FIELD |
| Content of non-MARC field |
{"@id":"djpc2tfk4d0llv7","modified":"2018-06-05T18:36:40.727+02:00","checksum":"143490212451"} |
| Source of data |
librisxl |
| 887 ## - NON-MARC INFORMATION FIELD |
| Content of non-MARC field |
{"@id":"8dll4sgf4215l12","modified":"2016-02-08T18:44:25+01:00","checksum":"124851008071"} |
| Source of data |
librisxl |
| 887 ## - NON-MARC INFORMATION FIELD |
| Content of non-MARC field |
{"@id":"fkqd3vgl12sjxnl","modified":"2018-06-05T18:36:40.73+02:00","checksum":"152505160183"} |
| Source of data |
librisxl |
| 887 ## - NON-MARC INFORMATION FIELD |
| Content of non-MARC field |
{"@id":"glrf4whm214bl60","modified":"2018-06-05T18:36:40.734+02:00","checksum":"150851470551"} |
| Source of data |
librisxl |
| 887 ## - NON-MARC INFORMATION FIELD |
| Content of non-MARC field |
{"@id":"hmsg5xjn1mp17tt","modified":"2009-07-02T16:08:07+02:00","checksum":"163132151102"} |
| Source of data |
librisxl |
| 887 ## - NON-MARC INFORMATION FIELD |
| Content of non-MARC field |
{"@id":"kpvj70lq3wb2ch9","modified":"2018-06-05T18:36:40.744+02:00","checksum":"141206496707"} |
| Source of data |
librisxl |
| 887 ## - NON-MARC INFORMATION FIELD |
| Content of non-MARC field |
{"@id":"jnth6zkp13sjng9","modified":"2018-06-05T18:36:40.741+02:00","checksum":"145683704235"} |
| Source of data |
librisxl |
| 887 ## - NON-MARC INFORMATION FIELD |
| Content of non-MARC field |
{"@id":"lqxkkpzr3d815p4","modified":"2015-04-19T16:43:50+02:00","checksum":"141147633694"} |
| Source of data |
librisxl |
| 887 ## - NON-MARC INFORMATION FIELD |
| Content of non-MARC field |
{"@id":"mrxl92ns1gkc7k0","modified":"2018-06-05T18:36:40.746+02:00","checksum":"137538740189"} |
| Source of data |
librisxl |
| 887 ## - NON-MARC INFORMATION FIELD |
| Content of non-MARC field |
{"@id":"tz5cv8q005hbm99","modified":"2014-01-23T13:15:57+01:00","checksum":"103773915990"} |
| Source of data |
librisxl |
| 887 ## - NON-MARC INFORMATION FIELD |
| Content of non-MARC field |
{"@id":"7lltslsb56b2vjv3","modified":"2020-11-27T15:52:38.263+01:00","checksum":"136361629493"} |
| Source of data |
librisxl |
| 900 1s - EQUIVALENCE OR CROSS-REFERENCE-PERSONAL NAME [LOCAL, CANADA] |
| Linkage |
100 |
| Dates associated with a name |
1930- |
| Affiliation |
Sandberg, Inger, |
| Dates associated with a name |
1930- |
| 900 1s - EQUIVALENCE OR CROSS-REFERENCE-PERSONAL NAME [LOCAL, CANADA] |
| Linkage |
100 |
| Dates associated with a name |
1930- |
| Affiliation |
Sandberg, Inger, |
| Dates associated with a name |
1930- |
| 900 1s - EQUIVALENCE OR CROSS-REFERENCE-PERSONAL NAME [LOCAL, CANADA] |
| Linkage |
100 |
| Dates associated with a name |
1930- |
| Affiliation |
Sandberg, Inger, |
| Dates associated with a name |
1930- |
| 900 1s - EQUIVALENCE OR CROSS-REFERENCE-PERSONAL NAME [LOCAL, CANADA] |
| Linkage |
100 |
| Dates associated with a name |
1930- |
| Affiliation |
Sandberg, Inger, |
| Dates associated with a name |
1930- |
| 900 1s - EQUIVALENCE OR CROSS-REFERENCE-PERSONAL NAME [LOCAL, CANADA] |
| Linkage |
100 |
| Dates associated with a name |
1930- |
| Affiliation |
Sandberg, Inger, |
| Dates associated with a name |
1930- |
| 942 ## - ADDED ENTRY ELEMENTS (KOHA) |
| Source of classification or shelving scheme |
Other/Generic Classification Scheme |
| Koha item type |
Bok |